Παρθένιος ; αδέσποτα ερωτικά : άπαντα : ερωτικά παθήματα : αποσπάσματα
Saved in:
| Main Author: | |
|---|---|
| Corporate Author: | |
| Format: | Book |
| Language: | Greek Ancient Greek |
| Published: |
[Αθήνα] :
Κάκτος,
[2001]
|
| Series: | Έλληνες (Εκδόσεις Κάκτος)
1028 |
| Subjects: | |
| Tags: |
Add Tag
No Tags, Be the first to tag this record!
|
MARC
| LEADER | 00000cam a2200000 i 4500 | ||
|---|---|---|---|
| 001 | 1/26943 | ||
| 008 | 060327s2001 gr | ||| |||| ||gre|| | ||
| 035 | |l 10083286 | ||
| 040 | |a GR-MyUa |b gre |e AACR2 | ||
| 041 | 1 | |a gre |a grc |h grc | |
| 082 | 7 | |a 881.01 |2 (22) | |
| 100 | 0 | |a Παρθένιος ο Νικαίας, |d 1ος αι. π.Χ. | |
| 245 | 1 | 0 | |a Παρθένιος ; αδέσποτα ερωτικά : |b άπαντα : ερωτικά παθήματα : αποσπάσματα / |c Παρθένιος ; εισαγωγή, μετάφραση, σχόλια Φιλολογική Ομάδα Κάκτου. |
| 260 | |a [Αθήνα] : |b Κάκτος, |c [2001] | ||
| 300 | |a 301 σ. ; |c 21 εκ. | ||
| 490 | 1 | |a (Οι Έλληνες ; |v 1028) | |
| 500 | |a Με: Αντωνίνος Λιβεράλις - Βάβριος. | ||
| 500 | |a Αντικριστές σελίδες στα αρχαία και νέα ελληνικά. | ||
| 650 | 0 | 0 | |a Classical poetry. |
| 650 | 0 | 0 | |a Greek poetry. |
| 650 | 0 | 0 | |a Latin poetry. |
| 710 | 2 | |a Φιλολογική Ομάδα Κάκτου. | |
| 830 | 0 | |a Έλληνες (Εκδόσεις Κάκτος) |v 1028 | |
| 852 | |a INST |b RHODES |c KRI |e 20060327 |h 881.01 ΠΑΡ |p 005400030776 |q 005400030776 |t BK |y 0 | ||
| 901 | |a BIBL4-2006-1 | ||
| 970 | |a ΚΟΖΑ |b ΜΑΡΙΑ |z 2006/03/27 | ||